000 00588nmc a2200217 a 4500
003 Co-PeBPM
005 20240320144626.0
008 240320b ||||||||q||z| 00| 0 spa d
040 _aCo-PeBPM
_bspa
_cCo-PeBPM
_erda
110 1 _aBiblioteca Pública Ramón Correa Mejía
245 1 0 _aCompumax
_b: blue
300 _aRecurso electrónico
500 _aProcesador Quad Core
500 _aResolución 1280x800 IPS
500 _aAndroid 10
500 _aDual Cámara
500 _aAlmacenamiento 64 GB
650 _aComputación movil
650 _aTabletas
942 _2ddc
_cCF
_n0
999 _c26631
_d26631